[Event "Tournoi norme de MI"]
[Site "PARIS"]
[Date "????.??.??"]
[Round "5.2"]
[White "Mouhamad, Joachim"]
[Black "Duboue, Peio"]
[Result "1/2-1/2"]
[TimeControl "90mn+30s/c"]
[WhiteElo "2301"]
[BlackElo "2462"]

1. e4 {[%clk 01:30:55]} {[%emt 00:00:04]} c6 {[%clk 01:30:58]} {[%emt
00:00:03]} 2. d4 {[%clk 01:31:02]} {[%emt 00:00:23]} d5 {[%clk 01:31:23]}
{[%emt 00:00:04]} 3. e5 {[%clk 01:31:07]} {[%emt 00:00:25]} c5 {[%clk
01:31:48]} {[%emt 00:00:05]} 4. Nf3 {[%clk 01:31:09]} {[%emt 00:00:28]} cxd4
{[%clk 01:29:46]} {[%emt 00:02:33]} 5. Qxd4 {[%clk 01:31:29]} {[%emt 00:00:10]}
e6 {[%clk 01:22:36]} {[%emt 00:07:40]} 6. Bd3 {[%clk 01:31:23]} {[%emt
00:00:36]} Nc6 {[%clk 01:18:20]} {[%emt 00:04:46]} 7. Qf4 {[%clk 01:31:42]}
{[%emt 00:00:09]} Nb4 {[%clk 01:18:34]} {[%emt 00:00:17]} 8. O-O {[%clk
01:32:04]} {[%emt 00:00:08]} Nxd3 {[%clk 01:18:44]} {[%emt 00:00:21]} 9. cxd3
{[%clk 01:32:20]} {[%emt 00:00:13]} Ne7 {[%clk 01:18:25]} {[%emt 00:00:49]} 10.
Nc3 {[%clk 01:27:56]} {[%emt 00:04:54]} Ng6 {[%clk 01:16:54]} {[%emt 00:02:01]}
11. Qg3 {[%clk 01:26:05]} {[%emt 00:02:21]} Be7 {[%clk 01:15:49]} {[%emt
00:01:36]} 12. Ne2 {[%clk 01:11:53]} {[%emt 00:14:41]} f6 {[%clk 00:57:32]}
{[%emt 00:18:46]} 13. Nf4 {[%clk 01:04:11]} {[%emt 00:08:13]} Nxe5 {[%clk
00:57:38]} {[%emt 00:00:25]} 14. Nxe5 {[%clk 00:59:40]} {[%emt 00:05:01]} fxe5
{[%clk 00:58:04]} {[%emt 00:00:04]} 15. Nh5 {[%clk 00:58:51]} {[%emt 00:01:18]}
g6 {[%clk 00:58:25]} {[%emt 00:00:09]} 16. Qxe5 {[%clk 00:58:38]} {[%emt
00:00:43]} Rg8 {[%clk 00:58:30]} {[%emt 00:00:25]} 17. Ng3 {[%clk 00:52:58]}
{[%emt 00:06:10]} Bf6 {[%clk 00:53:55]} {[%emt 00:05:05]} 18. Qe1 {[%clk
00:49:15]} {[%emt 00:04:14]} Kf7 {[%clk 00:50:52]} {[%emt 00:03:32]} 19. Ne2
{[%clk 00:47:41]} {[%emt 00:02:04]} e5 {[%clk 00:49:52]} {[%emt 00:01:30]} 20.
f4 {[%clk 00:45:36]} {[%emt 00:02:36]} e4 {[%clk 00:37:08]} {[%emt 00:13:14]}
21. dxe4 {[%clk 00:45:04]} {[%emt 00:01:02]} dxe4 {[%clk 00:37:34]} {[%emt
00:00:04]} 22. Be3 {[%clk 00:44:20]} {[%emt 00:01:14]} Bf5 {[%clk 00:33:12]}
{[%emt 00:04:52]} 23. Rd1 {[%clk 00:42:42]} {[%emt 00:02:09]} Qe7 {[%clk
00:33:38]} {[%emt 00:00:03]} 24. Nc3 {[%clk 00:26:23]} {[%emt 00:16:48]} Rgd8
{[%clk 00:33:32]} {[%emt 00:00:36]} 25. Nd5 {[%clk 00:23:55]} {[%emt 00:02:59]}
Qd6 {[%clk 00:33:53]} {[%emt 00:00:09]} 26. Nxf6 {[%clk 00:20:30]} {[%emt
00:03:55]} Qxd1 {[%clk 00:33:06]} {[%emt 00:01:17]} 27. Qxd1 {[%clk 00:20:51]}
{[%emt 00:00:09]} Rxd1 {[%clk 00:33:32]} {[%emt 00:00:04]} 28. Rxd1 {[%clk
00:21:15]} {[%emt 00:00:05]} Kxf6 {[%clk 00:34:00]} {[%emt 00:00:03]} 29. Rc1
{[%clk 00:20:55]} {[%emt 00:00:50]} h5 {[%clk 00:27:10]} {[%emt 00:07:19]} 30.
Rc7 {[%clk 00:20:49]} {[%emt 00:00:37]} b6 {[%clk 00:27:37]} {[%emt 00:00:03]}
31. a4 {[%clk 00:11:43]} {[%emt 00:09:36]} Ke6 {[%clk 00:27:30]} {[%emt
00:00:38]} 32. h3 {[%clk 00:09:01]} {[%emt 00:03:12]} Kd6 {[%clk 00:27:23]}
{[%emt 00:00:36]} 33. Rg7 {[%clk 00:09:20]} {[%emt 00:00:12]} Kd5 {[%clk
00:25:17]} {[%emt 00:02:36]} 34. a5 {[%clk 00:04:10]} {[%emt 00:05:40]} Kc4
{[%clk 00:23:35]} {[%emt 00:02:12]} 35. g4 {[%clk 00:02:13]} {[%emt 00:02:28]}
hxg4 {[%clk 00:22:54]} {[%emt 00:01:11]} 36. hxg4 {[%clk 00:02:41]} {[%emt
00:00:01]} Bxg4 {[%clk 00:23:18]} {[%emt 00:00:06]} 37. axb6 {[%clk 00:02:25]}
{[%emt 00:00:47]} axb6 {[%clk 00:23:47]} {[%emt 00:00:01]} 38. Rxg6 {[%clk
00:02:24]} {[%emt 00:00:31]} Bf3 {[%clk 00:24:15]} {[%emt 00:00:01]} 39. Rxb6
{[%clk 00:02:04]} {[%emt 00:00:50]} Rg8+ {[%clk 00:24:17]} {[%emt 00:00:28]} 40.
Kf1 {[%clk 00:02:16]} {[%emt 00:00:18]} Kd3 {[%clk 00:22:07]} {[%emt 00:02:40]}
41. Rb3+ {[%clk 00:02:33]} {[%emt 00:00:13]} Kc2 {[%clk 00:22:25]} {[%emt
00:00:12]} 42. Rc3+ {[%clk 00:02:00]} {[%emt 00:01:03]} Kxb2 {[%clk 00:22:51]}
{[%emt 00:00:04]} 43. Bd4 {[%clk 00:01:48]} {[%emt 00:00:42]} Ka2 {[%clk
00:21:27]} {[%emt 00:01:54]} 44. f5 {[%clk 00:01:54]} {[%emt 00:00:25]} Rf8
{[%clk 00:20:55]} {[%emt 00:01:02]} 45. f6 {[%clk 00:02:16]} {[%emt 00:00:08]}
Rd8 {[%clk 00:20:08]} {[%emt 00:01:17]} 46. Be5 {[%clk 00:02:08]} {[%emt
00:00:38]} Re8 {[%clk 00:20:00]} {[%emt 00:00:38]} 47. Bd6 {[%clk 00:01:37]}
{[%emt 00:01:01]} Bh5 {[%clk 00:20:28]} {[%emt 00:00:01]} 48. Be7 {[%clk
00:01:23]} {[%emt 00:00:44]} Bf7 {[%clk 00:17:34]} {[%emt 00:03:24]} 49. Rh3
{[%clk 00:01:24]} {[%emt 00:00:30]} Be6 {[%clk 00:17:11]} {[%emt 00:00:53]} 50.
Rh7 {[%clk 00:01:09]} {[%emt 00:00:45]} Kb3 {[%clk 00:17:23]} {[%emt 00:00:18]}
51. Kf2 {[%clk 00:00:58]} {[%emt 00:00:41]} Kc4 {[%clk 00:17:17]} {[%emt
00:00:36]} 52. Ke3 {[%clk 00:01:26]} {[%emt 00:00:02]} Kd5 {[%clk 00:16:24]}
{[%emt 00:01:24]} 53. Rh5+ {[%clk 00:01:50]} {[%emt 00:00:06]} Kc6 {[%clk
00:16:41]} {[%emt 00:00:13]} 54. Kxe4 {[%clk 00:02:04]} {[%emt 00:00:16]} Bf7
{[%clk 00:16:26]} {[%emt 00:00:45]} 55. Rh2 {[%clk 00:01:20]} {[%emt 00:01:15]}
Rxe7+ {[%clk 00:08:50]} {[%emt 00:08:06]} 56. fxe7 {[%clk 00:01:47]} {[%emt
00:00:02]} Kd7 {[%clk 00:09:05]} {[%emt 00:00:16]} 57. Ke5 {[%clk 00:02:05]}
{[%emt 00:00:12]} Kxe7 {[%emt 00:00:41]} 58. Rh7 {[%clk 00:01:57]} Ke8 {[%clk
00:10:00]} 59. Kf6 {[%clk 00:01:50]} {[%emt 00:00:37]} Bc4 {[%clk 00:10:17]}
{[%emt 00:00:13]} 60. Rc7 {[%clk 00:02:07]} {[%emt 00:00:13]} Bb3 {[%clk
00:10:42]} {[%emt 00:00:05]} 61. Rc3 {[%clk 00:02:29]} {[%emt 00:00:08]} Ba2
{[%clk 00:09:35]} {[%emt 00:01:37]} 62. Rc2 {[%clk 00:02:54]} {[%emt 00:00:06]}
Bb3 {[%clk 00:09:38]} {[%emt 00:00:28]} 63. Rb2 {[%clk 00:03:22]} {[%emt
00:00:02]} Bc4 {[%clk 00:09:55]} {[%emt 00:00:12]} 64. Rb4 {[%clk 00:03:47]}
{[%emt 00:00:05]} Ba2 {[%clk 00:09:55]} {[%emt 00:00:30]} 65. Rd4 {[%clk
00:03:50]} {[%emt 00:00:27]} Bb3 {[%clk 00:10:12]} {[%emt 00:00:13]} 66. Rd2
{[%clk 00:04:09]} {[%emt 00:00:12]} Bc4 {[%clk 00:10:16]} {[%emt 00:00:25]} 67.
Rb2 {[%clk 00:04:37]} {[%emt 00:00:02]} Kd7 {[%clk 00:10:09]} {[%emt 00:00:37]}
1/2-1/2



[ePGN "0.1;DGT LiveChess/2.2.5"]

[Event "Tournoi norme de MI"]
[Site "PARIS"]
[Date "????.??.??"]
[Round "6.3"]
[White "Lazo, Andrei"]
[Black "Laurent, Julien G."]
[Result "1/2-1/2"]
[TimeControl "90mn+30s/c"]
[WhiteElo "2212"]
[BlackElo "2199"]

1. d4 {[%clk 01:30:57]} {[%emt 00:00:02]} Nf6 {[%clk 01:30:51]} {[%emt
00:00:09]} 2. Nf3 {[%clk 01:31:22]} {[%emt 00:00:06]} e6 {[%clk 01:31:11]}
{[%emt 00:00:10]} 3. Bg5 {[%clk 01:31:47]} {[%emt 00:00:05]} c5 {[%clk
01:31:04]} {[%emt 00:00:37]} 4. c3 {[%clk 01:31:42]} {[%emt 00:00:36]} d5
{[%clk 01:27:41]} {[%emt 00:03:52]} 5. e3 {[%clk 01:31:53]} {[%emt 00:00:19]}
Be7 {[%clk 01:26:41]} {[%emt 00:01:30]} 6. Nbd2 {[%clk 01:31:51]} {[%emt
00:00:32]} Nc6 {[%clk 01:26:37]} {[%emt 00:00:34]} 7. Bd3 {[%clk 01:32:14]}
{[%emt 00:00:06]} h6 {[%clk 01:24:57]} {[%emt 00:02:09]} 8. Bh4 {[%clk
01:32:40]} {[%emt 00:00:04]} a6 {[%clk 01:24:02]} {[%emt 00:01:26]} 9. O-O
{[%clk 01:31:36]} {[%emt 00:01:33]} b5 {[%clk 01:21:37]} {[%emt 00:02:55]} 10.
Ne5 {[%clk 01:31:10]} {[%emt 00:00:57]} Nxe5 {[%clk 01:21:21]} {[%emt
00:00:46]} 11. dxe5 {[%clk 01:31:38]} {[%emt 00:00:02]} Nd7 {[%clk 01:21:46]}
{[%emt 00:00:05]} 12. Bg3 {[%clk 01:32:01]} {[%emt 00:00:07]} Bb7 {[%clk
01:21:36]} {[%emt 00:00:39]} 13. f4 {[%clk 01:31:45]} {[%emt 00:00:47]} g6
{[%clk 01:21:23]} {[%emt 00:00:44]} 14. Qc2 {[%clk 01:29:07]} {[%emt 00:03:08]}
Nf8 {[%clk 01:19:35]} {[%emt 00:02:17]} 15. a4 {[%clk 01:24:09]} {[%emt
00:05:29]} c4 {[%clk 01:18:47]} {[%emt 00:01:18]} 16. Be2 {[%clk 01:24:26]}
{[%emt 00:00:12]} Bc5 {[%clk 01:18:40]} {[%emt 00:00:37]} 17. Bf2 {[%clk
01:24:32]} {[%emt 00:00:25]} Qb6 {[%clk 01:18:02]} {[%emt 00:01:07]} 18. e4
{[%clk 01:24:18]} {[%emt 00:00:44]} Bxf2+ {[%clk 01:16:41]} {[%emt 00:01:51]}
19. Rxf2 {[%clk 01:24:46]} {[%emt 00:00:02]} Nd7 {[%clk 01:16:21]} {[%emt
00:00:50]} 20. exd5 {[%clk 01:21:44]} {[%emt 00:03:32]} Bxd5 {[%clk 01:15:20]}
{[%emt 00:01:31]} 21. axb5 {[%clk 01:19:30]} {[%emt 00:02:45]} axb5 {[%clk
01:15:30]} {[%emt 00:00:19]} 22. Rxa8+ {[%clk 01:19:56]} {[%emt 00:00:05]} Bxa8
{[%clk 01:15:46]} {[%emt 00:00:14]} 1/2-1/2

[Event "Tournoi norme de MI"]
[Site "PARIS"]
[Date "????.??.??"]
[Round "6.4"]
[White "Bassini, Emile"]
[Black "Vlachos, Anatole"]
[Result "0-1"]
[TimeControl "90mn+30s/c"]
[WhiteElo "2382"]
[BlackElo "2430"]

1. e4 {[%clk 01:30:56]} {[%emt 00:00:03]} e6 {[%clk 01:30:54]} {[%emt
00:00:07]} 2. d4 {[%clk 01:31:22]} {[%emt 00:00:04]} d5 {[%clk 01:31:22]}
{[%emt 00:00:03]} 3. Nc3 {[%clk 01:31:48]} {[%emt 00:00:04]} Nf6 {[%clk
01:31:48]} {[%emt 00:00:03]} 4. e5 {[%clk 01:32:14]} {[%emt 00:00:03]} Nfd7
{[%clk 01:32:15]} {[%emt 00:00:04]} 5. f4 {[%clk 01:32:40]} {[%emt 00:00:06]}
c5 {[%clk 01:32:43]} 6. Nf3 {[%clk 01:33:05]} {[%emt 00:00:04]} Nc6 {[%clk
01:33:09]} {[%emt 00:00:04]} 7. Be3 {[%clk 01:33:30]} {[%emt 00:00:05]} Be7
{[%clk 01:33:33]} {[%emt 00:00:06]} 8. Qd2 {[%clk 01:33:56]} {[%emt 00:00:04]}
a6 {[%clk 01:33:59]} {[%emt 00:00:04]} 9. Bd3 {[%clk 01:32:57]} {[%emt
00:01:29]} b5 {[%clk 01:34:01]} {[%emt 00:00:28]} 10. dxc5 {[%clk 01:28:35]}
{[%emt 00:04:52]} Nxc5 {[%clk 01:33:06]} {[%emt 00:01:25]} 11. Nd4 {[%clk
01:27:25]} {[%emt 00:01:40]} Nxd4 {[%clk 01:29:46]} {[%emt 00:03:50]} 12. Bxd4
{[%clk 01:24:47]} {[%emt 00:03:08]} b4 {[%clk 01:30:12]} {[%emt 00:00:05]} 13.
Ne2 {[%clk 01:25:06]} {[%emt 00:00:10]} a5 {[%clk 01:28:27]} {[%emt 00:02:16]}
14. Qe3 {[%clk 01:22:28]} {[%emt 00:03:08]} Nxd3+ {[%clk 01:25:36]} {[%emt
00:03:21]} 15. cxd3 {[%clk 01:22:51]} {[%emt 00:00:06]} Ba6 {[%clk 01:22:52]}
{[%emt 00:03:14]} 16. Kd2 {[%clk 01:13:36]} {[%emt 00:09:45]} O-O {[%clk
01:16:22]} {[%emt 00:07:00]} 17. Rhc1 {[%clk 01:13:06]} {[%emt 00:00:58]} Qe8
{[%clk 00:35:37]} {[%emt 00:41:17]} 18. Bc5 {[%clk 01:07:28]} {[%emt 00:06:08]}
d4 {[%clk 00:36:02]} {[%emt 00:00:05]} 19. Nxd4 {[%clk 01:05:19]} {[%emt
00:02:39]} Rd8 {[%clk 00:34:42]} {[%emt 00:01:51]} 20. Bxe7 {[%clk 00:58:05]}
{[%emt 00:07:43]} Qxe7 {[%clk 00:35:10]} {[%emt 00:00:02]} 21. Nc6 {[%clk
00:49:12]} {[%emt 00:09:23]} Qb7 {[%clk 00:35:01]} {[%emt 00:00:40]} 22. Qc5
{[%clk 00:40:08]} {[%emt 00:09:34]} Rxd3+ {[%clk 00:34:41]} {[%emt 00:00:50]}
23. Ke1 {[%clk 00:40:26]} {[%emt 00:00:12]} Bb5 {[%clk 00:34:54]} {[%emt
00:00:18]} 24. Rc2 {[%clk 00:38:13]} {[%emt 00:02:42]} g5 {[%clk 00:33:27]}
{[%emt 00:01:57]} 25. Rd1 {[%clk 00:22:41]} {[%emt 00:16:02]} Rfd8 {[%clk
00:23:38]} {[%emt 00:10:20]} 26. Rxd3 {[%clk 00:18:54]} {[%emt 00:04:15]} Rxd3
{[%clk 00:24:06]} {[%emt 00:00:03]} 27. fxg5 {[%clk 00:17:04]} {[%emt
00:02:20]} Kg7 {[%clk 00:22:10]} {[%emt 00:02:26]} 28. a4 {[%clk 00:13:28]}
{[%emt 00:04:07]} Bxa4 {[%clk 00:20:53]} {[%emt 00:01:47]} 29. b3 {[%clk
00:13:07]} {[%emt 00:00:51]} Rd5 {[%clk 00:20:33]} {[%emt 00:00:49]} 30. Qf2
{[%clk 00:12:43]} {[%emt 00:00:54]} Bxc6 {[%clk 00:20:34]} {[%emt 00:00:30]} 31.
Qf6+ {[%clk 00:13:05]} {[%emt 00:00:07]} Kg8 {[%clk 00:20:02]} {[%emt
00:01:02]} 32. g6 {[%clk 00:12:02]} {[%emt 00:01:34]} hxg6 {[%clk 00:20:30]}
{[%emt 00:00:02]} 33. Rc4 {[%clk 00:12:26]} {[%emt 00:00:05]} Qd7 {[%clk
00:20:49]} {[%emt 00:00:11]} 0-1

[Event "Tournoi norme de MI"]
[Site "PARIS"]
[Date "????.??.??"]
[Round "6.5"]
[White "Willems, Niels"]
[Black "Bonte, Andrei-Mihai"]
[Result "1/2-1/2"]
[TimeControl "90mn+30s/c"]
[WhiteElo "2337"]
[BlackElo "2340"]

1. c4 {[%clk 01:30:57]} {[%emt 00:00:03]} Nf6 {[%clk 01:30:31]} {[%emt
00:00:29]} 2. Nc3 {[%clk 01:31:17]} {[%emt 00:00:10]} c5 {[%clk 01:30:16]}
{[%emt 00:00:45]} 3. g3 {[%clk 01:31:10]} {[%emt 00:00:38]} g6 {[%clk
01:28:33]} {[%emt 00:02:13]} 4. Bg2 {[%clk 01:31:33]} {[%emt 00:00:06]} Bg7
{[%clk 01:28:59]} {[%emt 00:00:05]} 5. e4 {[%clk 01:31:08]} {[%emt 00:00:55]}
Nc6 {[%clk 01:28:51]} {[%emt 00:00:38]} 6. Nge2 {[%clk 01:31:24]} {[%emt
00:00:14]} d6 {[%clk 01:28:00]} {[%emt 00:01:21]} 7. d3 {[%clk 01:31:36]}
{[%emt 00:00:17]} Bg4 {[%clk 01:27:23]} {[%emt 00:01:07]} 8. h3 {[%clk
01:30:37]} {[%emt 00:01:29]} Bxe2 {[%clk 01:27:36]} {[%emt 00:00:18]} 9. Nxe2
{[%clk 01:30:47]} {[%emt 00:00:20]} Nd7 {[%clk 01:25:54]} {[%emt 00:02:12]} 10.
O-O {[%clk 01:27:33]} {[%emt 00:03:43]} Rb8 {[%clk 01:25:32]} {[%emt 00:00:53]}
11. Rb1 {[%clk 01:27:01]} {[%emt 00:01:03]} O-O {[%clk 01:25:01]} {[%emt
00:01:01]} 12. Be3 {[%clk 01:26:25]} {[%emt 00:01:05]} b5 {[%clk 01:24:05]}
{[%emt 00:01:26]} 13. cxb5 {[%clk 01:07:22]} {[%emt 00:19:34]} Rxb5 {[%clk
01:22:54]} {[%emt 00:01:42]} 1/2-1/2

[Event "Tournoi norme de MI"]
[Site "PARIS"]
[Date "????.??.??"]
[Round "6.1"]
[White "Duboue, Peio"]
[Black "Roshka, Yevgeniy"]
[Result "1/2-1/2"]
[TimeControl "90mn+30s/c"]
[WhiteElo "2462"]
[BlackElo "2501"]

1. e4 {[%clk 01:29:31]} {[%emt 00:00:16]} g6 {[%clk 01:30:54]} {[%emt
00:00:06]} 2. d4 {[%clk 01:29:53]} {[%emt 00:00:08]} Bg7 {[%clk 01:31:20]}
{[%emt 00:00:05]} 3. Nc3 {[%clk 01:30:18]} {[%emt 00:00:05]} d6 {[%clk
01:31:45]} {[%emt 00:00:05]} 4. Be3 {[%clk 01:29:58]} {[%emt 00:00:50]} a6
{[%clk 01:32:11]} {[%emt 00:00:05]} 5. Qd2 {[%clk 01:30:06]} {[%emt 00:00:22]}
b5 {[%clk 01:32:36]} {[%emt 00:00:05]} 6. h4 {[%clk 01:30:11]} {[%emt
00:00:25]} h5 {[%clk 01:33:01]} {[%emt 00:00:04]} 7. Nh3 {[%clk 01:29:24]}
{[%emt 00:01:17]} Bxh3 {[%clk 01:33:20]} {[%emt 00:00:11]} 8. Rxh3 {[%clk
01:29:42]} {[%emt 00:00:12]} c6 {[%clk 01:33:34]} {[%emt 00:00:16]} 9. a4
{[%clk 01:25:43]} {[%emt 00:04:28]} Nd7 {[%clk 01:32:05]} {[%emt 00:01:59]} 10.
d5 {[%clk 01:17:38]} {[%emt 00:08:35]} b4 {[%clk 01:30:54]} {[%emt 00:01:42]}
11. dxc6 {[%clk 01:17:31]} {[%emt 00:00:37]} bxc3 {[%clk 01:31:18]} {[%emt
00:00:06]} 12. cxd7+ {[%clk 01:17:57]} {[%emt 00:00:04]} Qxd7 {[%clk 01:31:45]}
{[%emt 00:00:04]} 13. Qd5 {[%clk 01:16:14]} {[%emt 00:02:13]} Rc8 {[%clk
01:25:12]} {[%emt 00:07:02]} 14. Bxa6 {[%clk 01:05:33]} {[%emt 00:11:11]} cxb2
{[%clk 01:23:48]} {[%emt 00:01:55]} 15. Rb1 {[%clk 01:05:42]} {[%emt 00:00:21]}
Nf6 {[%clk 01:24:00]} {[%emt 00:00:17]} 16. Bxc8 {[%clk 01:02:36]} {[%emt
00:03:36]} Qxc8 {[%clk 01:24:24]} {[%emt 00:00:06]} 17. Qd3 {[%clk 00:58:44]}
{[%emt 00:04:21]} O-O {[%clk 01:21:53]} {[%emt 00:03:02]} 18. Bd4 {[%clk
00:54:24]} {[%emt 00:04:50]} Qc6 {[%clk 01:20:20]} {[%emt 00:02:03]} 19. Rxb2
{[%clk 00:45:51]} {[%emt 00:09:03]} e5 {[%clk 01:19:38]} {[%emt 00:01:13]} 20.
Bc3 {[%clk 00:39:40]} {[%emt 00:06:40]} Nxe4 {[%clk 01:19:33]} {[%emt
00:00:35]} 21. Kf1 {[%clk 00:31:53]} {[%emt 00:08:18]} Nxc3 {[%clk 01:05:54]}
{[%emt 00:14:09]} 22. Qxc3 {[%clk 00:32:19]} {[%emt 00:00:04]} Qxa4 {[%clk
01:06:18]} {[%emt 00:00:06]} 23. Qb4 {[%clk 00:30:56]} {[%emt 00:01:53]} Qa6+
{[%clk 01:06:02]} {[%emt 00:00:46]} 24. Qb5 {[%clk 00:30:06]} {[%emt 00:01:19]}
Qa8 {[%clk 01:05:13]} {[%emt 00:01:20]} 25. Rb1 {[%clk 00:28:05]} {[%emt
00:02:31]} e4 {[%clk 01:05:01]} {[%emt 00:00:42]} 26. Rd1 {[%clk 00:26:54]}
{[%emt 00:01:41]} Rc8 {[%clk 01:04:46]} {[%emt 00:00:45]} 27. Qd5 {[%clk
00:24:56]} {[%emt 00:02:28]} Qxd5 {[%clk 00:56:00]} {[%emt 00:09:16]} 28. Rxd5
{[%clk 00:25:25]} {[%emt 00:00:01]} Be5 {[%clk 00:56:01]} {[%emt 00:00:29]} 29.
Rd2 {[%clk 00:25:53]} {[%emt 00:00:01]} f5 {[%clk 00:56:09]} {[%emt 00:00:22]}
30. Ra3 {[%clk 00:26:22]} {[%emt 00:00:02]} Kf7 {[%clk 00:56:17]} {[%emt
00:00:21]} 31. Ra2 {[%clk 00:21:57]} {[%emt 00:04:55]} Ke6 {[%clk 00:54:36]}
{[%emt 00:02:11]} 32. Rd1 {[%clk 00:22:26]} {[%emt 00:00:02]} Rc4 {[%clk
00:53:03]} {[%emt 00:02:03]} 33. Rb1 {[%clk 00:21:46]} {[%emt 00:01:09]} Bf6
{[%clk 00:51:35]} {[%emt 00:01:59]} 34. g3 {[%clk 00:21:52]} {[%emt 00:00:24]}
Bd4 {[%clk 00:51:46]} {[%emt 00:00:19]} 35. Ke2 {[%clk 00:21:05]} {[%emt
00:01:17]} Rc3 {[%clk 00:51:55]} {[%emt 00:00:21]} 36. Rb3 {[%clk 00:20:28]}
{[%emt 00:01:08]} Rc4 {[%clk 00:52:17]} {[%emt 00:00:08]} 37. Rba3 {[%clk
00:19:50]} {[%emt 00:01:08]} Bc5 {[%clk 00:52:39]} {[%emt 00:00:07]} 38. Rb3
{[%clk 00:19:37]} {[%emt 00:00:43]} Bd4 {[%clk 00:53:03]} {[%emt 00:00:06]} 39.
Rba3 {[%clk 00:19:45]} {[%emt 00:00:22]} Bc5 {[%clk 00:53:23]} {[%emt
00:00:10]} 40. Rb3 {[%clk 00:20:14]} {[%emt 00:00:01]} 1/2-1/2

[Event "Tournoi norme de MI"]
[Site "PARIS"]
[Date "????.??.??"]
[Round "6.2"]
[White "Navrotescu, Andreea"]
[Black "Mouhamad, Joachim"]
[Result "1-0"]
[TimeControl "90mn+30s/c"]
[WhiteElo "2228"]
[BlackElo "2301"]

1. d4 {[%clk 01:30:56]} {[%emt 00:00:02]} d5 {[%clk 01:30:49]} {[%emt
00:00:12]} 2. c4 {[%clk 01:31:22]} {[%emt 00:00:04]} e6 {[%clk 01:31:09]}
{[%emt 00:00:10]} 3. Nc3 {[%clk 01:31:47]} {[%emt 00:00:07]} a6 {[%clk
01:31:11]} {[%emt 00:00:27]} 4. cxd5 {[%clk 01:32:09]} {[%emt 00:00:08]} exd5
{[%clk 01:31:33]} {[%emt 00:00:07]} 5. Qb3 {[%clk 01:32:35]} {[%emt 00:00:04]}
Nf6 {[%clk 01:28:38]} {[%emt 00:03:24]} 6. Bg5 {[%clk 01:32:55]} {[%emt
00:00:10]} Bd6 {[%clk 01:18:35]} {[%emt 00:10:34]} 7. Nxd5 {[%clk 01:19:43]}
{[%emt 00:13:43]} Be6 {[%clk 01:18:09]} {[%emt 00:00:54]} 8. Bxf6 {[%clk
01:20:00]} {[%emt 00:00:14]} gxf6 {[%clk 01:18:08]} {[%emt 00:00:29]} 9. Qe3
{[%clk 01:19:01]} {[%emt 00:01:30]} Nc6 {[%clk 00:58:00]} {[%emt 00:20:39]} 10.
Nc3 {[%clk 01:07:13]} {[%emt 00:12:19]} Nb4 {[%clk 00:56:04]} {[%emt 00:02:26]}
11. O-O-O {[%clk 01:07:27]} {[%emt 00:00:15]} c6 {[%clk 00:53:07]} {[%emt
00:03:27]} 12. a3 {[%clk 00:58:55]} {[%emt 00:09:02]} Nd5 {[%clk 00:53:17]}
{[%emt 00:00:21]} 13. Nxd5 {[%clk 00:58:40]} {[%emt 00:00:46]} cxd5 {[%clk
00:53:44]} {[%emt 00:00:02]} 14. Kb1 {[%clk 00:49:30]} {[%emt 00:09:40]} b5
{[%clk 00:54:08]} {[%emt 00:00:06]} 15. g3 {[%clk 00:41:24]} {[%emt 00:08:35]}
O-O {[%clk 00:48:47]} {[%emt 00:05:51]} 16. Bh3 {[%clk 00:33:31]} {[%emt
00:08:23]} Qd7 {[%clk 00:48:43]} {[%emt 00:00:34]} 17. Bxe6 {[%clk 00:33:51]}
{[%emt 00:00:11]} fxe6 {[%clk 00:49:06]} {[%emt 00:00:06]} 18. Nh3 {[%clk
00:32:14]} {[%emt 00:02:07]} b4 {[%clk 00:48:39]} {[%emt 00:00:58]} 19. axb4
{[%clk 00:32:32]} {[%emt 00:00:11]} Rab8 {[%clk 00:47:48]} {[%emt 00:01:21]} 20.
Nf4 {[%clk 00:30:06]} {[%emt 00:02:56]} Rxb4 {[%clk 00:38:32]} {[%emt
00:09:47]} 21. Rd2 {[%clk 00:29:41]} {[%emt 00:00:54]} Re8 {[%clk 00:36:09]}
{[%emt 00:02:54]} 22. Rc1 {[%clk 00:26:00]} {[%emt 00:04:11]} a5 {[%clk
00:36:34]} {[%emt 00:00:05]} 23. Nh5 {[%clk 00:24:21]} {[%emt 00:02:09]} Rf8
{[%clk 00:32:56]} {[%emt 00:04:08]} 24. Qh6 {[%clk 00:24:09]} {[%emt 00:00:42]}
Qe7 {[%clk 00:17:39]} {[%emt 00:15:47]} 25. Rc6 {[%clk 00:24:24]} {[%emt
00:00:16]} Rb7 {[%clk 00:17:57]} {[%emt 00:00:12]} 26. Rdc2 {[%clk 00:23:06]}
{[%emt 00:01:48]} Rd7 {[%clk 00:17:34]} {[%emt 00:00:53]} 27. Rc8 {[%clk
00:22:52]} {[%emt 00:00:44]} Kh8 {[%clk 00:14:45]} {[%emt 00:03:19]} 28. Nxf6
{[%clk 00:20:22]} {[%emt 00:03:00]} Rdd8 {[%clk 00:15:07]} {[%emt 00:00:08]} 29.
Rxd8 {[%clk 00:20:21]} {[%emt 00:00:32]} Rxd8 {[%clk 00:15:36]} {[%emt
00:00:02]} 30. Nxh7 {[%clk 00:19:54]} {[%emt 00:00:56]} Qg7 {[%clk 00:13:43]}
{[%emt 00:02:23]} 31. Qxg7+ {[%clk 00:20:16]} {[%emt 00:00:09]} Kxg7 {[%clk
00:14:12]} {[%emt 00:00:02]} 32. Ng5 {[%clk 00:20:39]} {[%emt 00:00:07]} Kf6
{[%clk 00:14:19]} {[%emt 00:00:23]} 33. h4 {[%clk 00:21:07]} {[%emt 00:00:01]}
a4 {[%clk 00:13:27]} {[%emt 00:01:22]} 34. Rc6 {[%clk 00:21:15]} {[%emt
00:00:22]} Ke7 {[%clk 00:13:49]} {[%emt 00:00:08]} 35. Ra6 {[%clk 00:21:26]}
{[%emt 00:00:19]} 1-0



[ePGN "0.1;DGT LiveChess/2.2.5"]